| 000 | 01186nam a22002895a 4500 | ||
|---|---|---|---|
| 003 | OSt | ||
| 005 | 20170402105741.0 | ||
| 008 | 170116m20082006ua frb 000 0 ara d | ||
| 015 | _a2005 / 19041 | ||
| 020 | _a9770447773 (جزء 1) | ||
| 020 | _a9789770456935 (جزء 2) | ||
| 040 |
_aEG-ScBUE _bara _cEG-ScBUE |
||
| 043 | _af-ua--- | ||
| 082 | 0 | 4 |
_a346.6207 _bز ا هـ _222 |
| 100 | 1 | _aزاهر، فاروق أحمد. | |
| 245 | 1 | 2 |
_aالقانون التجاري المصري / _cفاروق أحمد زاهر. |
| 260 |
_aالقاهرة : _bدار النهضة العربية، _c2008-2006. |
||
| 300 |
_a2 ج. في مج. 4 ؛ _c24 سم. |
||
| 504 | _aيشتمل على إرجاعات ببليوجرافية. | ||
| 505 | 2 | _aج. 1 في مج. 4. الإفلاس -- ج. 2 في مج. 4. الأوراق التجارية : دراسة في أحكام قانون الصرف. | |
| 650 | 7 |
_aالقانون التجاري _zمصر. _941150 _2BUEsh |
|
| 650 | 7 |
_aالإفلاس _xقوانين وتشريعات _zمصر. _2BUEsh |
|
| 650 | 7 |
_aالأوراق التجارية _xقوانين وتشريعات _zمصر. _2BUEsh |
|
| 651 | _2BUEsh | ||
| 653 |
_bLLAAWW _cMarch2017 |
||
| 942 | _2ddc | ||
| 999 |
_c24547 _d24519 |
||